000
00310nam a2200133Ia 4500
008
150201s2008 xx 000 0 und d
082
_a
611
_b
G08S
100
_a
SINGH,VISHRAM
245
_a
GENERAL ANATOMY
250
_a
1ST
260
_b
ELSEVIER
_a
DELHI
_c
2008
650
_a
HUMAN ANATOMY
942
_2
ddc
_c
BK
_0
72
999
_c
1127
_d
1127